| 000 | 00533cam a22002291 4500 | ||
|---|---|---|---|
| 001 | sa 68000299 | ||
| 003 | DLC | ||
| 005 | 20260227112422.0 | ||
| 008 | 890510s1966 xx 000 0 pano | ||
| 010 | _asa 68000299 | ||
| 035 | _a(OCoLC)23580092 | ||
| 040 |
_aDLC _cMiU _dDLC |
||
| 042 | _apremarc | ||
| 050 | 0 | 0 |
_aBL2018 _b.S28 |
| 100 | 0 | _aSatbir Singh. | |
| 245 | 1 | 0 | _aKhālase dī wāsī. |
| 260 | _c[1966] | ||
| 300 |
_aviii, 236 p. _c22 cm. |
||
| 500 | _aRomanized. | ||
| 650 | 0 | _aSikhism. | |
| 650 | 0 |
_aSikhs _xHistory. |
|
| 999 |
_c77104 _d77104 |
||